Los Hombres y la historia: el Simón Rodríguez de Alfonso Rumazo González

Gespeichert in:
Bibliographische Detailangaben
Format: Text
Veröffentlicht: Quito: BCE
Tags: Tag hinzufügen
Keine Tags, Fügen Sie den ersten Tag hinzu!

MARC

LEADER 00000 a a2200000 04500
001 24406
003
040 |a CRAI/IIS  |c CRAI/IIS 
090 |a 175000  
245 |a Los Hombres y la historia: el Simón Rodríguez de Alfonso Rumazo González  
260 |a Quito:   |b BCE  
300 |a pp. 271-275  
999 |c 2881  |d 2881